[Event "Erfurt op-A 29th"]
[Site "Erfurt"]
[Date "2019.12.30"]
[Round "8"]
[White "Schlick, Stefan"]
[Black "Behrens, Harald"]
[Result "1/2-1/2"]
[WhiteElo "1997"]
[BlackElo "2222"]
[PlyCount "84"]
[EventDate "2019.12.26"]
[EventType "swiss"]
[EventRounds "8"]
[EventCountry "GER"]
[SourceTitle "CBM 194 Extra"]
[Source "ChessBase"]
[SourceDate "2020.03.31"]
[SourceVersion "1"]
[SourceVersionDate "2020.03.31"]
[SourceQuality "1"]

1. d4 Nf6 2. c4 e6 3. Nc3 Bb4 4. Qc2 d5 5. a3 Bxc3+ 6. Qxc3 0-0 7. Nf3 a5 8. Bg5 c6 9. e3 Nbd7 10. Bd3 a4 11. 0-0 Qa5 12. Qc2 h6 13. Bh4 Re8 14. Rac1 dxc4 15. Bxc4 Nh7 16. Bd3 Nhf8 17. Bg3 f6 18. Nd2 Qh5 19. Ne4 e5 20. Nd6 Re7 21. Nxc8 Rxc8 22. Qxa4 Kh8 23. Qb4 c5 24. dxc5 Qe8 25. Qb5 Rc7 26. b4 Qa8 27. a4 Nb8 28. Rfd1 Ne6 29. Bc4 Na6 30. Bb3 Nd8 31. Qc4 Nc6 32. Qb5 Naxb4 33. f3 Red7 34. Be1 Na6 35. Rxd7 Rxd7 36. Ba5 Qe8 37. Rd1 Rxd1+ 38. Bxd1 Qe7 39. Bb6 Qd7 40. Be2 Nab4 41. Bf1 f5 42. Qe2 e4 1/2-1/2

[Event "Leiden op-A 10th"]
[Site "Leiden"]
[Date "2016.07.22"]
[Round "7"]
[White "Behrens, Harald"]
[Black "Sahil, Tickoo"]
[Result "1-0"]
[WhiteElo "2248"]
[BlackElo "2016"]
[PlyCount "53"]
[EventDate "2016.07.15"]
[EventType "swiss"]
[EventRounds "9"]
[EventCountry "NED"]
[SourceTitle "CBM 173 Extra"]
[Source "ChessBase"]
[SourceDate "2016.08.29"]
[SourceVersion "1"]
[SourceVersionDate "2016.08.29"]
[SourceQuality "1"]

1. d4 Nf6 2. Nf3 c5 3. e3 g6 4. Be2 Bg7 5. 0-0 0-0 6. b3 cxd4 7. exd4 d5 8. Bb2 Nc6 9. Nbd2 Bf5 10. a3 Ne4 11. c4 dxc4 12. Nxc4 Be6 13. Re1 Nf6 14. Nfe5 Nxe5 15. dxe5 Nd5 16. Bf3 Nf4 17. Re4 Nd3 18. Bd4 Bxc4 19. bxc4 f5 20. exf6 Bxf6 21. Qxd3 e5 22. Rxe5 Bxe5 23. Bd5+ Rf7 24. Bxe5 Kf8 25. Qe3 Rf5 26. Re1 Qg5 27. Qc5+ 1-0

[Event "Hannover Ihme Cup"]
[Site "Hannover"]
[Date "2015.05.08"]
[Round "1"]
[White "Reichelt, Ole"]
[Black "Behrens, Harald"]
[Result "0-1"]
[WhiteElo "1705"]
[BlackElo "2238"]
[PlyCount "76"]
[EventDate "2015.05.08"]
[EventType "swiss"]
[EventRounds "5"]
[EventCountry "GER"]
[SourceTitle "EXT 2021"]
[Source "ChessBase"]
[SourceDate "2020.10.23"]
[SourceVersion "1"]
[SourceVersionDate "2020.10.23"]
[SourceQuality "1"]

1. d4 Nf6 2. Nf3 e6 3. e3 b6 4. Bd3 Bb7 5. 0-0 c5 6. b3 Be7 7. Bb2 0-0 8. Nbd2 Nc6 9. Ne5 Qc7 10. a3 Rad8 11. f4 d6 12. Ng4 Nxg4 13. Qxg4 f5 14. Qh5 Bf6 15. Nf3 g6 16. Qh6 Rfe8 17. c4 Na5 18. Nd2 Nc6 19. Nf3 Bg7 20. Qh4 a6 21. Rab1 e5 22. d5 e4 23. Ng5 Bxb2 24. dxc6 Bxc6 25. Bxe4 Bxe4 26. Rxb2 Qe7 27. Re1 Rd7 28. Rd2 b5 29. Red1 Red8 30. Qh3 Bc6 31. Kf2 d5 32. cxd5 Rxd5 33. Rxd5 Rxd5 34. Rxd5 Bxd5 35. b4 h5 36. e4 Bxe4 37. Nxe4 Qxe4 38. bxc5 Qc2+ 0-1

[Event "Oberliga Nord W 1415"]
[Site "Germany"]
[Date "2015.01.18"]
[Round "5.7"]
[White "Becker, Stefan"]
[Black "Behrens, Harald"]
[Result "1-0"]
[WhiteElo "2180"]
[BlackElo "2294"]
[PlyCount "33"]
[EventDate "2014.09.22"]
[EventType "team-tourn"]
[EventRounds "9"]
[EventCountry "GER"]
[SourceTitle "EXT 2016"]
[Source "ChessBase"]
[SourceDate "2015.10.08"]
[SourceVersion "1"]
[SourceVersionDate "2015.10.08"]
[SourceQuality "1"]
[WhiteTeam "Lueneburg Turm"]
[BlackTeam "Lister Turm"]
[WhiteTeamCountry "GER"]
[BlackTeamCountry "GER"]

1. e4 e6 2. d4 d5 3. Nd2 a6 4. Ngf3 c5 5. exd5 exd5 6. Be2 Nf6 7. 0-0 Nc6 8. Re1 Be7 9. dxc5 0-0 10. Nb3 Ne4 11. Be3 Be6 12. Rc1 a5 13. a4 Qc7 14. c3 Rad8 15. Nfd4 Nxc5 16. Nxc5 Bxc5 17. Nxe6 1-0

[Event "Oberliga Nord W 0001"]
[Site "Germany"]
[Date "2001.04.29"]
[Round "9.4"]
[White "Behrens, Harald"]
[Black "Behr, Ralf"]
[Result "1-0"]
[WhiteElo "2280"]
[BlackElo "2175"]
[PlyCount "147"]
[EventDate "2000.10.15"]
[EventType "team"]
[EventRounds "9"]
[EventCountry "GER"]
[SourceTitle "EXT 2003"]
[Source "ChessBase"]
[SourceDate "2002.11.25"]
[SourceVersion "1"]
[SourceVersionDate "2002.11.25"]
[SourceQuality "1"]
[WhiteTeam "Hannover Post"]
[BlackTeam "Braunschweig SF"]
[WhiteTeamCountry "GER"]
[BlackTeamCountry "GER"]

1. d4 Nf6 2. Nf3 g6 3. Bf4 Bg7 4. e3 d6 5. h3 c6 6. c4 Qb6 7. Qd2 Ne4 8. Qc2 Qa5+ 9. Nc3 Bf5 10. Bd3 Nxc3 11. bxc3 Bxd3 12. Qxd3 0-0 13. 0-0 Nd7 14. Rfb1 b6 15. a4 e5 16. Bh2 f5 17. Nd2 Rad8 18. Nb3 Qa6 19. a5 Qc8 20. axb6 axb6 21. Ra7 f4 22. exf4 exf4 23. Nd2 d5 24. Nf3 Qb8 25. Ra2 Qd6 26. Re2 Rde8 27. Rbe1 Nf6 28. Rxe8 Rxe8 29. Rxe8+ Nxe8 30. cxd5 cxd5 31. Qd2 Bh6 32. Ne5 g5 33. g3 fxg3 34. Bxg3 Qe6 35. Qa2 Bg7 36. Qa8 Bxe5 37. Bxe5 Kf7 38. Qd8 Kg6 39. Kh2 Kh5 40. Kg3 Kg6 41. h4 h6 42. f3 Kh5 43. hxg5 hxg5 44. Qa8 Kg6 45. c4 dxc4 46. Qe4+ Kf7 47. d5 Qh6 48. Qf5+ Ke7 49. Qc8 Qh4+ 50. Kg2 b5 51. d6+ Nxd6 52. Qc7+ Ke8 53. Qxd6 Kf7 54. Qd7+ Kf8 55. Qg7+ Ke8 56. Bg3 Qh5 57. Qe5+ Kf7 58. Qxb5 Qg6 59. Qxc4+ Ke8 60. Qc8+ Ke7 61. Qc7+ Ke8 62. Bf2 Qf5 63. Kg3 Qe6 64. Bc5 g4 65. Qb8+ Kf7 66. Qf8+ Kg6 67. fxg4 Qb3+ 68. Kh4 Kh7 69. Kg5 Qe3+ 70. Kh4 Qb3 71. Qf5+ Kg7 72. Bd4+ Kg8 73. Qg6+ Kf8 74. Bc5# 1-0

[Event "Oberliga Nord W 9900"]
[Site "Germany"]
[Date "2000.02.20"]
[Round "6.3"]
[White "Titzhoff, Frank"]
[Black "Behrens, Harald"]
[Result "0-1"]
[WhiteElo "2145"]
[BlackElo "2265"]
[PlyCount "140"]
[EventDate "1999.10.??"]
[EventType "team"]
[EventRounds "9"]
[EventCountry "GER"]
[SourceTitle "EXT 2003"]
[Source "ChessBase"]
[SourceDate "2002.11.25"]
[SourceVersion "1"]
[SourceVersionDate "2002.11.25"]
[SourceQuality "1"]
[WhiteTeam "Hannover SV"]
[BlackTeam "Hannover Post"]
[WhiteTeamCountry "GER"]
[BlackTeamCountry "GER"]

1. d4 Nf6 2. c4 e6 3. Nf3 b6 4. g3 Bb7 5. Bg2 Bb4+ 6. Nbd2 Be7 7. e4 Nxe4 8. Ne5 d5 9. Qa4+ Kf8 10. 0-0 Nf6 11. Ndf3 h6 12. Bf4 Qe8 13. Qc2 Nbd7 14. Nxd7+ Qxd7 15. Ne5 Qc8 16. Rfe1 dxc4 17. Bxb7 Qxb7 18. Qxc4 Nd5 19. Bd2 Bd6 20. Qb3 Bxe5 21. Rxe5 Nf6 22. Rae1 Rd8 23. Bb4+ Kg8 24. Rxe6 Qd5 25. Qxd5 Nxd5 26. Re8+ Rxe8 27. Rxe8+ Kh7 28. Rxh8+ Kxh8 29. Bd2 f5 30. Kf1 b5 31. Ke2 Kg8 32. Kd3 Kf7 33. a3 Ke6 34. b3 h5 35. f3 a6 36. h3 g6 37. Bg5 Kd6 38. Bd2 c6 39. Bg5 Nb6 40. Bd8 Nd7 41. Ba5 Kd5 42. Ke3 Nf8 43. h4 Ne6 44. Bc3 f4+ 45. gxf4 Ng7 46. Be1 Nf5+ 47. Kd3 Nxd4 48. b4 Nxf3 49. Bf2 Nh2 50. Bb6 Ng4 51. Bd4 Nh6 52. Bb6 Nf5 53. Bf2 Nd6 54. Be3 Nc4 55. Bc1 a5 56. bxa5 Nxa5 57. Bb2 c5 58. Bc1 Nc4 59. Kc3 Nd6 60. Be3 Ne4+ 61. Kb3 Nf6 62. a4 c4+ 63. Kb4 bxa4 64. Kxa4 Ke4 65. Bc1 Kd3 66. Kb5 Nd5 67. Kc6 Nc3 68. Kd6 Ne2 69. Bb2 Ke4 70. Ke6 c3 0-1

[Event "Oberliga Nord W 9798"]
[Site "Germany"]
[Date "1997.12.07"]
[Round "3.1"]
[White "Behrens, Harald"]
[Black "Sawadkuhi, Massoud Amir"]
[Result "1-0"]
[WhiteElo "2280"]
[BlackElo "2260"]
[PlyCount "51"]
[EventDate "1997.10.??"]
[EventType "team"]
[EventRounds "9"]
[EventCountry "GER"]
[SourceTitle "EXT 2003"]
[Source "ChessBase"]
[SourceDate "2002.11.25"]
[SourceVersion "1"]
[SourceVersionDate "2002.11.25"]
[SourceQuality "1"]
[WhiteTeam "Hannover Post"]
[BlackTeam "Bremen Nord"]
[WhiteTeamCountry "GER"]
[BlackTeamCountry "GER"]

1. d4 Nf6 2. Nf3 c5 3. e3 e6 4. c4 b6 5. Nc3 Be7 6. Bd3 Bb7 7. 0-0 0-0 8. d5 exd5 9. cxd5 d6 10. e4 Nfd7 11. Bf4 Ba6 12. Re1 c4 13. Bf1 Nc5 14. a4 Nbd7 15. Nb5 Nb3 16. Ra3 Bxb5 17. axb5 Na5 18. Nd4 Ne5 19. Bd2 Bf6 20. Bc3 Qc7 21. Nc6 Naxc6 22. dxc6 Be7 23. Ra6 Qc8 24. Qd5 Qg4 25. Be2 Qg6 26. Rea1 1-0

[Event "Oberliga Nord W 9798"]
[Site "Germany"]
[Date "1997.10.19"]
[Round "1.1"]
[White "Behrens, Harald"]
[Black "Bangiev, Alexander J"]
[Result "0-1"]
[WhiteElo "2280"]
[BlackElo "2395"]
[PlyCount "48"]
[EventDate "1997.10.??"]
[EventType "team"]
[EventRounds "9"]
[EventCountry "GER"]
[SourceTitle "EXT 2003"]
[Source "ChessBase"]
[SourceDate "2002.11.25"]
[SourceVersion "1"]
[SourceVersionDate "2002.11.25"]
[SourceQuality "1"]
[WhiteTeam "Hannover Post"]
[BlackTeam "Isernhagen"]
[WhiteTeamCountry "GER"]
[BlackTeamCountry "GER"]

1. d4 g6 2. Nf3 Bg7 3. g3 c5 4. c3 Qb6 5. Bg2 d6 6. 0-0 Nf6 7. Nbd2 0-0 8. Re1 cxd4 9. cxd4 Nc6 10. Nc4 Qb5 11. b3 Be6 12. a4 Qh5 13. Bb2 Rac8 14. Rc1 Bh6 15. Ncd2 Nb4 16. Rxc8 Rxc8 17. Qb1 Rc2 18. Ba3 Bxd2 19. Nxd2 Rxd2 20. Bxb4 Rxe2 21. Bxb7 Nd5 22. Qd3 Rxf2 23. Kxf2 Qxh2+ 24. Kf3 Bg4+ 0-1

[Event "Oberliga Nord W 9697"]
[Site "Germany"]
[Date "1997.01.12"]
[Round "4.2"]
[White "Wenzel, Reinhard"]
[Black "Behrens, Harald"]
[Result "1/2-1/2"]
[WhiteElo "2260"]
[BlackElo "2270"]
[PlyCount "109"]
[EventDate "1996.10.??"]
[EventType "team"]
[EventRounds "9"]
[EventCountry "GER"]
[SourceTitle "EXT 2003"]
[Source "ChessBase"]
[SourceDate "2002.11.25"]
[SourceVersion "1"]
[SourceVersionDate "2002.11.25"]
[SourceQuality "1"]
[WhiteTeam "Werder Bremen II"]
[BlackTeam "Hannover Post"]
[WhiteTeamCountry "GER"]
[BlackTeamCountry "GER"]

1. c4 Nf6 2. Nc3 e5 3. Nf3 Nc6 4. g3 Bb4 5. Bg2 0-0 6. 0-0 Bxc3 7. dxc3 Re8 8. Bg5 d6 9. e4 Bg4 10. Qd3 h6 11. Bxf6 Qxf6 12. Ne1 Qe6 13. Nc2 Bh3 14. Ne3 Bxg2 15. Kxg2 Ne7 16. Rae1 a6 17. f4 f6 18. f5 Qf7 19. Rd1 b5 20. g4 bxc4 21. Qxc4 Reb8 22. Rf2 Qxc4 23. Nxc4 Rb5 24. b4 Rd8 25. a4 Rbb8 26. Rfd2 Kf7 27. Kf3 g6 28. Ne3 Rh8 29. Rg2 Rhg8 30. h4 Rg7 31. Rdd2 Rgg8 32. h5 g5 33. Rd1 Rb6 34. Rgd2 Rgb8 35. Nd5 Rc6 36. Rd3 Nxd5 37. exd5 Rc4 38. Re1 a5 39. bxa5 Rxa4 40. Re4 Rxa5 41. Rc4 Rb7 42. Rb4 Rbb5 43. Ke4 Ke7 44. Rxb5 Rxb5 45. c4 Rc5 46. Rc3 c6 47. dxc6 d5+ 48. Kd3 d4 49. Ra3 Rxc6 50. Ra7+ Kd6 51. Ra5 Kc7 52. c5 Kb7 53. Rb5+ Kc7 54. Ra5 Kb7 55. Rb5+ 1/2-1/2

[Event "Oberliga Nord W 9697"]
[Site "Germany"]
[Date "1996.11.17"]
[Round "2.2"]
[White "Naumann, Frank"]
[Black "Behrens, Harald"]
[Result "1/2-1/2"]
[WhiteElo "2280"]
[BlackElo "2270"]
[PlyCount "45"]
[EventDate "1996.10.??"]
[EventType "team"]
[EventRounds "9"]
[EventCountry "GER"]
[SourceTitle "EXT 2003"]
[Source "ChessBase"]
[SourceDate "2002.11.25"]
[SourceVersion "1"]
[SourceVersionDate "2002.11.25"]
[SourceQuality "1"]
[WhiteTeam "Hannover SV"]
[BlackTeam "Hannover Post"]
[WhiteTeamCountry "GER"]
[BlackTeamCountry "GER"]

1. Nf3 Nf6 2. c4 e6 3. g3 b6 4. Bg2 Bb7 5. 0-0 c5 6. Nc3 Be7 7. d4 cxd4 8. Qxd4 0-0 9. Rd1 d6 10. b3 Nbd7 11. Bb2 Qb8 12. Ng5 Bxg2 13. Kxg2 Qb7+ 14. f3 Rfd8 15. Nge4 Nc5 16. Nxc5 bxc5 17. Qf4 d5 18. cxd5 exd5 19. e4 d4 20. Na4 c4 21. Bxd4 cxb3 22. axb3 Qxb3 23. Qe3 1/2-1/2

[Event "Seefeld op 07th"]
[Site "Seefeld"]
[Date "1996.??.??"]
[Round "?"]
[White "Behrens, Harald"]
[Black "Schoetzig, Detlef"]
[Result "0-1"]
[WhiteElo "2270"]
[BlackElo "2140"]
[PlyCount "96"]
[EventDate "1996.09.15"]
[EventType "swiss"]
[EventRounds "9"]
[EventCountry "AUT"]
[SourceTitle "EXT 2000"]
[Source "ChessBase"]
[SourceDate "1999.11.16"]
[SourceVersion "1"]
[SourceVersionDate "1999.11.16"]
[SourceQuality "1"]

1. d4 Nf6 2. Nf3 d5 3. c4 c6 4. e3 Bg4 5. Nc3 Nbd7 6. Be2 e6 7. 0-0 Bd6 8. Re1 0-0 9. h3 Bh5 10. b3 Rc8 11. Bb2 Bb8 12. Nd2 Bg6 13. Bf3 Re8 14. e4 dxe4 15. Ndxe4 Nxe4 16. Nxe4 Nf6 17. Qe2 Nxe4 18. Bxe4 Qc7 19. g3 Rcd8 20. Bg2 Qb6 21. Rad1 Qa5 22. a3 Qf5 23. b4 a6 24. d5 cxd5 25. cxd5 e5 26. Qe3 f6 27. Rd2 Rd6 28. a4 Red8 29. b5 axb5 30. axb5 Bc7 31. Ba3 Bb6 32. Qb3 R6d7 33. d6+ Bf7 34. Qc2 Qg5 35. Rd3 Kh8 36. h4 Qf5 37. Be4 Qg4 38. Bc6 bxc6 39. bxc6 e4 40. Rc3 e3 41. Rcxe3 Bxe3 42. Rxe3 Rxd6 43. Bxd6 Rxd6 44. Re7 Qd1+ 45. Qxd1 Rxd1+ 46. Kh2 Kg8 47. Rd7 Bd5 48. g4 Rh1+ 0-1

[Event "Seefeld op 07th"]
[Site "Seefeld"]
[Date "1996.??.??"]
[Round "?"]
[White "Behrens, Harald"]
[Black "Spenner, Frank"]
[Result "1/2-1/2"]
[WhiteElo "2270"]
[BlackElo "2030"]
[PlyCount "44"]
[EventDate "1996.09.15"]
[EventType "swiss"]
[EventRounds "9"]
[EventCountry "AUT"]
[SourceTitle "EXT 2000"]
[Source "ChessBase"]
[SourceDate "1999.11.16"]
[SourceVersion "1"]
[SourceVersionDate "1999.11.16"]
[SourceQuality "1"]

1. d4 d5 2. Nf3 e6 3. c4 c5 4. cxd5 exd5 5. Nc3 Nc6 6. g3 Nf6 7. Bg2 Be7 8. 0-0 0-0 9. b3 Bg4 10. dxc5 Bxc5 11. Bb2 Re8 12. Rc1 a6 13. a3 Ba7 14. b4 Qd6 15. e3 Ne5 16. Na4 Ne4 17. Bxe5 Rxe5 18. Qc2 Ree8 19. Nd4 Rac8 20. Qb2 Bd7 21. Nc3 Qe5 22. Nce2 Bb5 1/2-1/2

[Event "Oberliga Nord W 9495"]
[Site "Germany"]
[Date "1995.04.02"]
[Round "7.2"]
[White "Behrens, Harald"]
[Black "Klostermann, Markus"]
[Result "1-0"]
[WhiteElo "2285"]
[BlackElo "2300"]
[PlyCount "110"]
[EventDate "1994.10.??"]
[EventType "team"]
[EventRounds "9"]
[EventCountry "GER"]
[SourceTitle "EXT 2003"]
[Source "ChessBase"]
[SourceDate "2002.11.25"]
[SourceVersion "1"]
[SourceVersionDate "2002.11.25"]
[SourceQuality "1"]
[WhiteTeam "Hannover Post"]
[BlackTeam "Werder Bremen II"]
[WhiteTeamCountry "GER"]
[BlackTeamCountry "GER"]

1. d4 f5 2. Nf3 Nf6 3. g3 g6 4. Bg2 Bg7 5. 0-0 0-0 6. Re1 c6 7. Nbd2 d5 8. c4 e6 9. Rb1 a5 10. Ne5 Nbd7 11. Ndf3 Ne4 12. Bf4 Ndf6 13. Qc2 Qe8 14. Ng5 h6 15. Nxe4 Nxe4 16. f3 Nf6 17. e4 g5 18. Be3 g4 19. exf5 exf5 20. Bf4 gxf3 21. Bxf3 Be6 22. Rbd1 Ne4 23. cxd5 Bxd5 24. Nc4 Qd8 25. Ne3 Qb6 26. Nxf5 Rxf5 27. Bxe4 Bxd4+ 28. Kh1 Qc5 29. Qxc5 Bxc5 30. Rxd5 Rxd5 31. Bxd5+ cxd5 32. Re5 Rd8 33. Bxh6 Bd4 34. Re2 Kh7 35. Bf4 Kg6 36. Kg2 a4 37. g4 b5 38. h4 b4 39. h5+ Kf6 40. Rd2 Be5 41. Kf3 a3 42. bxa3 Rc8 43. Bxe5+ Kxe5 44. Re2+ Kd4 45. axb4 Rf8+ 46. Kg3 Kd3 47. Re7 d4 48. h6 Kc3 49. Rc7+ Kxb4 50. Rd7 Kc3 51. g5 d3 52. g6 Rg8 53. g7 d2 54. Rxd2 Kxd2 55. Kf4 Rxg7 1-0

[Event "Oberliga Nord W 9394"]
[Site "Germany"]
[Date "1994.01.09"]
[Round "3.4"]
[White "Autenrieth, Michael"]
[Black "Behrens, Harald"]
[Result "1/2-1/2"]
[WhiteElo "2265"]
[BlackElo "2285"]
[PlyCount "80"]
[EventDate "1993.10.??"]
[EventType "team"]
[EventRounds "9"]
[EventCountry "GER"]
[SourceTitle "EXT 2003"]
[Source "ChessBase"]
[SourceDate "2002.11.25"]
[SourceVersion "1"]
[SourceVersionDate "2002.11.25"]
[SourceQuality "1"]
[WhiteTeam "Goettingen"]
[BlackTeam "Hannover Post"]
[WhiteTeamCountry "GER"]
[BlackTeamCountry "GER"]

1. e4 e6 2. d3 c5 3. Nf3 Nc6 4. Nbd2 d5 5. g3 Bd6 6. Bg2 Nge7 7. 0-0 0-0 8. Re1 f6 9. c3 Bd7 10. a3 b5 11. exd5 exd5 12. c4 bxc4 13. dxc4 d4 14. Ne4 Bg4 15. b4 Kh8 16. h3 Bxf3 17. Bxf3 Ne5 18. Nxd6 Nxf3+ 19. Qxf3 Qxd6 20. Bf4 Qd7 21. bxc5 Rac8 22. Bd6 Rfe8 23. Bxe7 Rxe7 24. Qd5 h6 25. Rxe7 Qxe7 26. Qd6 Qe5 27. Rd1 Rxc5 28. Qxd4 Qc7 29. Re1 Kh7 30. Qd3+ f5 31. Re8 Qf7 32. Rd8 Qxc4 33. Qxc4 Rxc4 34. Rd3 Kg6 35. Kg2 Kf6 36. h4 g5 37. hxg5+ hxg5 38. Kf3 g4+ 39. Ke3 Ke5 40. Rb3 Ra4 1/2-1/2

[Event "Cannes op2"]
[Site "Cannes"]
[Date "1993.??.??"]
[Round "?"]
[White "Behrens, Harald"]
[Black "Lepelletier, Benoit"]
[Result "1-0"]
[WhiteElo "2290"]
[BlackElo "2265"]
[PlyCount "79"]
[EventDate "1993.??.??"]
[EventType "swiss"]
[EventRounds "9"]
[EventCountry "FRA"]
[SourceTitle "EXT 2000"]
[Source "ChessBase"]
[SourceDate "1999.11.16"]
[SourceVersion "1"]
[SourceVersionDate "1999.11.16"]
[SourceQuality "1"]

1. d4 Nf6 2. Nf3 b6 3. Bf4 Bb7 4. e3 e6 5. Bd3 Be7 6. 0-0 c5 7. a4 Nc6 8. h3 0-0 9. c3 d6 10. Qe2 Re8 11. Rd1 Qc7 12. dxc5 bxc5 13. e4 Rad8 14. Na3 Qc8 15. e5 Nd5 16. Bh2 dxe5 17. Nxe5 Nxe5 18. Bxe5 Bf6 19. Nc4 Bxe5 20. Qxe5 Qb8 21. Qxb8 Rxb8 22. Nd6 Rf8 23. Rd2 Bc6 24. Bb5 Bxb5 25. axb5 Rb6 26. Ne4 c4 27. Rxa7 Rxb5 28. Nd6 Rc5 29. Rd4 Nb6 30. Rb7 Rc6 31. f4 f6 32. Re7 Rd8 33. Rxe6 Na4 34. Nxc4 Rxd4 35. Rxc6 Rxf4 36. Nd6 Kf8 37. b3 Nb2 38. b4 Ke7 39. b5 Kd7 40. Nb7 1-0

[Event "BL2-Nord 9293"]
[Site "Germany"]
[Date "1993.??.??"]
[Round "?.2"]
[White "Behrens, Harald"]
[Black "Pritchett, Craig William"]
[Result "1/2-1/2"]
[WhiteElo "2290"]
[BlackElo "2360"]
[PlyCount "98"]
[EventDate "1992.10.??"]
[EventType "team-tourn"]
[EventRounds "9"]
[EventCountry "GER"]
[SourceTitle "GER-chT2"]
[Source "ChessBase"]
[SourceDate "1999.07.01"]
[SourceVersion "1"]
[SourceVersionDate "1999.07.01"]
[SourceQuality "1"]
[WhiteTeam "Hannover Post"]
[BlackTeam "Zehlendorf"]
[WhiteTeamCountry "GER"]
[BlackTeamCountry "GER"]

1. d4 Nf6 2. Nf3 e6 3. Bg5 c5 4. c3 h6 5. Bxf6 Qxf6 6. Nbd2 d5 7. e4 cxd4 8. Bb5+ Nc6 9. Nxd4 e5 10. Nxc6 bxc6 11. Ba4 d4 12. Rc1 Bd7 13. cxd4 exd4 14. 0-0 Rb8 15. e5 Qe6 16. Nb3 c5 17. Nxc5 Bxc5 18. Rxc5 0-0 19. Bb3 Qg4 20. h3 Qg6 21. Bc2 Qb6 22. Qxd4 Rfd8 23. Rd5 Be6 24. Qxb6 axb6 25. Rxd8+ Rxd8 26. a3 Rd2 27. Rc1 g6 28. b4 Re2 29. Bd3 Rxe5 30. Rc6 b5 31. Kf1 Bb3 32. Rc5 Re8 33. Bxb5 Ra8 34. Bc6 Rxa3 35. b5 Ba4 36. Bd5 Ra1+ 37. Ke2 Rb1 38. Bc4 Bb3 39. Bd3 Rb2+ 40. Ke3 Kf8 41. b6 Ba4 42. Rc8+ Ke7 43. Rc7+ Bd7 44. Rb7 Kd6 45. Be4 f5 46. Bf3 g5 47. Rb8 Ke5 48. Rd8 f4+ 49. Kd3 Bf5+ 1/2-1/2

[Event "BL2-Nord 9293"]
[Site "Germany"]
[Date "1992.??.??"]
[Round "?.2"]
[White "Behrens, Harald"]
[Black "Brustkern, Juergen"]
[Result "1-0"]
[WhiteElo "2300"]
[BlackElo "2245"]
[PlyCount "85"]
[EventDate "1992.10.??"]
[EventType "team-tourn"]
[EventRounds "9"]
[EventCountry "GER"]
[SourceTitle "GER-chT2"]
[Source "ChessBase"]
[SourceDate "1999.07.01"]
[SourceVersion "1"]
[SourceVersionDate "1999.07.01"]
[SourceQuality "1"]
[WhiteTeam "Hannover Post"]
[BlackTeam "Rehberge"]
[WhiteTeamCountry "GER"]
[BlackTeamCountry "GER"]

1. d4 Nf6 2. Nf3 c5 3. e3 b6 4. Bd3 Bb7 5. 0-0 g6 6. c4 Bg7 7. Nc3 e6 8. b3 0-0 9. Ba3 d6 10. Rc1 Nbd7 11. Qc2 Bxf3 12. gxf3 cxd4 13. exd4 Ne8 14. Ne2 Qh4 15. Be4 Rc8 16. f4 Ndf6 17. Bg2 Nh5 18. Qe4 Bh6 19. Rc3 Nxf4 20. Nxf4 Qxf4 21. Qxf4 Bxf4 22. c5 bxc5 23. dxc5 Be5 24. Rc4 d5 25. Ra4 Rc7 26. f4 Bf6 27. Rc1 Be7 28. b4 Nf6 29. b5 Rb8 30. Bf1 Ne4 31. c6 Bxa3 32. Rxa3 Nd6 33. Rb3 Nc8 34. a4 a6 35. Rcb1 axb5 36. axb5 Nd6 37. Ra3 Rxc6 38. bxc6 Rxb1 39. Ra8+ Kg7 40. Rd8 Ne4 41. c7 Nd6 42. Rxd6 Rc1 43. Rd7 1-0

[Event "Bundesliga 9192"]
[Site "Germany"]
[Date "1992.??.??"]
[Round "?.5"]
[White "Behrens, Harald"]
[Black "Kohlweyer, Bernd"]
[Result "0-1"]
[WhiteElo "2305"]
[BlackElo "2405"]
[PlyCount "100"]
[EventDate "1991.10.12"]
[EventType "team-tourn"]
[EventRounds "15"]
[EventCountry "GER"]
[SourceTitle "GER-chT"]
[Source "ChessBase"]
[SourceDate "1999.07.01"]
[SourceVersion "1"]
[SourceVersionDate "1999.07.01"]
[SourceQuality "1"]
[WhiteTeam "Hannover"]
[BlackTeam "Frankfurt FTG"]
[WhiteTeamCountry "GER"]
[BlackTeamCountry "GER"]

1. d4 Nf6 2. Nf3 e6 3. Bg5 h6 4. Bxf6 Qxf6 5. e4 d6 6. Nc3 a6 7. a4 Nd7 8. Qd2 g6 9. Be2 Bg7 10. 0-0 0-0 11. Rfe1 b6 12. Bf1 Qe7 13. a5 b5 14. d5 Bb7 15. Na2 Bxb2 16. Rab1 Bg7 17. c4 c6 18. dxc6 Bxc6 19. Nb4 Bb7 20. cxb5 axb5 21. Bxb5 Nc5 22. Bc6 Rfc8 23. Bxb7 Nxb7 24. a6 Nc5 25. h3 Nxa6 26. Nxa6 Rxa6 27. Rec1 Rac6 28. Rxc6 Rxc6 29. Qb4 Bf8 30. Nd4 Ra6 31. Qb5 Qa7 32. Nc6 Qa8 33. Nb8 Ra1 34. Nd7 Rxb1+ 35. Qxb1 Bg7 36. Qb8+ Qxb8 37. Nxb8 Bd4 38. Kf1 Kg7 39. Ke2 f5 40. f3 Kf6 41. Kd3 Ba7 42. Nc6 Bb6 43. f4 g5 44. e5+ dxe5 45. fxe5+ Kg6 46. g4 h5 47. Ne7+ Kf7 48. Nc6 fxg4 49. hxg4 hxg4 50. Ke4 Kg6 0-1